[Event "AUT_chT"]
[Site "2005/2006"]
[Date "2005.11.18"]
[Round "1"]
[White "Petschar, Kurt"]
[Black "Ljubic, Juro"]
[Result "1/2-1/2"]
[WhiteElo "2276"]
[BlackElo "2202"]
[PlyCount "52"]
[EventDate "2005.10.??"]
[EventType "team"]
[EventRounds "11"]
[EventCountry "AUT"]
[WhiteTeam "Die Klagenfurter"]
[BlackTeam "Sparkasse Schwarzach"]
[WhiteTeamCountry "AUT"]
[BlackTeamCountry "AUT"]

1. e4 c5 2. c3 g6 3. Nf3 Bg7 4. d4 cxd4 5. cxd4 d5 6. e5 Nc6 7. h3 f6 8. Bb5
Nh6 9. O-O O-O 10. Nc3 fxe5 11. Bxc6 bxc6 12. Nxe5 Qd6 13. Re1 Nf7 14. Bf4 Nxe5
15. Bxe5 Bxe5 16. Rxe5 Rf5 17. Rxf5 Bxf5 18. Rc1 e5 19. Ne2 Rb8 20. b3 Rc8 21.
Qd2 c5 22. dxe5 Qxe5 23. Ng3 c4 24. bxc4 dxc4 25. Nxf5 Qxf5 26. Qd4 c3 1/2-1/2

[Event "AUT_chT"]
[Site "2005/2006"]
[Date "2005.11.18"]
[Round "1"]
[White "Kritz, Leonid"]
[Black "Baklan, Vladimir"]
[Result "0-1"]
[WhiteElo "2561"]
[BlackElo "2601"]
[PlyCount "110"]
[EventDate "2005.10.??"]
[EventType "team"]
[EventRounds "11"]
[EventCountry "AUT"]
[WhiteTeam "Sparkasse Jenbach"]
[BlackTeam "Holz Dohr - Semriach"]
[WhiteTeamCountry "AUT"]
[BlackTeamCountry "AUT"]

1. e4 c5 2. Nf3 d6 3. d4 cxd4 4. Nxd4 Nf6 5. Nc3 Nc6 6. Bg5 e6 7. Qd2 a6 8.
O-O-O Bd7 9. f3 h6 10. Be3 b5 11. Nxc6 Bxc6 12. Ne2 Qc7 13. Kb1 Bb7 14. h4 Rd8
15. Rh3 e5 16. g4 d5 17. g5 Nh5 18. exd5 Rxd5 19. Qc1 Rxd1 20. Qxd1 Bc5 21. Bc1
O-O 22. Nc3 Rd8 23. Bd3 Nf4 24. Bxf4 exf4 25. gxh6 gxh6 26. Rh2 Kh8 27. Qe2 Rg8
28. Rg2 Rxg2 29. Qxg2 Qe7 30. Qh1 Bd4 31. Be4 Bxc3 32. Bxb7 Bxb2 33. Kxb2 Qxb7
34. Qh3 Qc7 35. Qf5 Kg7 36. c3 Qd6 37. Qg4+ Kf6 38. Qh5 Ke7 39. Qf5 Qd2+ 40.
Kb3 Qd1+ 41. Kb2 Qe2+ 42. Kb1 Qxf3 43. Qe5+ Kd7 44. Qf5+ Kd6 45. Qf6+ Kd5 46.
Qxf7+ Ke4 47. Qg6+ Ke3 48. Qxh6 Kd2 49. a3 Qd1+ 50. Kb2 Qc2+ 51. Ka1 Qxc3+ 52.
Ka2 Qc2+ 53. Ka1 Kc3 54. Qc6+ Kb3 55. Qe6+ Qc4 0-1

[Event "AUT_chT"]
[Site "2005/2006"]
[Date "2005.11.18"]
[Round "1"]
[White "Kindermann, Stefan"]
[Black "Lehner, Oliver"]
[Result "1/2-1/2"]
[WhiteElo "2535"]
[BlackElo "2408"]
[PlyCount "56"]
[EventDate "2005.10.??"]
[EventType "team"]
[EventRounds "11"]
[EventCountry "AUT"]
[WhiteTeam "Holz Dohr - Semriach"]
[BlackTeam "Sparkasse Jenbach"]
[WhiteTeamCountry "AUT"]
[BlackTeamCountry "AUT"]

1. e4 e5 2. Nf3 Nc6 3. Bb5 a6 4. Ba4 Nf6 5. O-O Be7 6. Re1 b5 7. Bb3 d6 8. c3
O-O 9. h3 Na5 10. Bc2 c5 11. d4 Nd7 12. Nbd2 exd4 13. cxd4 Re8 14. Nf1 Nc6 15.
Be3 Bb7 16. Ng3 g6 17. Qe2 Nb4 18. Bb1 Bf6 19. Rd1 cxd4 20. Nxd4 Ne5 21. a3
Nbc6 22. Nxc6 Bxc6 23. Ba2 Bh4 24. Qd2 Bxg3 25. fxg3 Nc4 26. Bxc4 bxc4 27. Qxd6
Qxd6 28. Rxd6 Bxe4 1/2-1/2

[Event "AUT_chT"]
[Site "2005/2006"]
[Date "2005.11.18"]
[Round "1"]
[White "Schwarz, Michael"]
[Black "Kosten, Anthony C"]
[Result "1/2-1/2"]
[WhiteElo "2398"]
[BlackElo "2501"]
[PlyCount "45"]
[EventDate "2005.10.??"]
[EventType "team"]
[EventRounds "11"]
[EventCountry "AUT"]
[WhiteTeam "Sparkasse Jenbach"]
[BlackTeam "Holz Dohr - Semriach"]
[WhiteTeamCountry "AUT"]
[BlackTeamCountry "AUT"]

1. c4 e5 2. g3 Nf6 3. Bg2 c6 4. d4 exd4 5. Qxd4 Na6 6. Nc3 Bc5 7. Qe5+ Qe7 8.
Qxe7+ Bxe7 9. Bf4 O-O 10. O-O-O Rd8 11. Bd6 Bxd6 12. Rxd6 Ng4 13. Nh3 Nc7 14.
b3 Ne8 15. Rd2 d6 16. e4 f6 17. Nf4 Ne5 18. h3 Kf8 19. Nfe2 Rb8 20. f4 Nf7 21.
Nd4 a6 22. Rhd1 Bd7 23. Nc2 1/2-1/2

[Event "AUT_chT"]
[Site "2005/2006"]
[Date "2005.11.18"]
[Round "1"]
[White "Freitag, Manfred"]
[Black "Kleissl, Helmut"]
[Result "1-0"]
[WhiteElo "2419"]
[BlackElo "2299"]
[PlyCount "47"]
[EventDate "2005.10.??"]
[EventType "team"]
[EventRounds "11"]
[EventCountry "AUT"]
[WhiteTeam "Holz Dohr - Semriach"]
[BlackTeam "Sparkasse Jenbach"]
[WhiteTeamCountry "AUT"]
[BlackTeamCountry "AUT"]

1. d4 g6 2. c4 Bg7 3. e4 d6 4. Nc3 Nd7 5. Nf3 e5 6. Be2 Ne7 7. h4 exd4 8. Nxd4
h5 9. Bg5 c6 10. Qd2 Nf6 11. O-O-O O-O 12. Nb3 d5 13. cxd5 cxd5 14. Qf4 Nh7 15.
Bh6 Bxh6 16. Qxh6 Qb6 17. g4 hxg4 18. exd5 Rd8 19. Qf4 Qf6 20. Qg3 Nxd5 21.
Nxd5 Rxd5 22. Rxd5 Qc6+ 23. Qc3 Qxd5 24. Rd1 1-0

[Event "AUT_chT"]
[Site "2005/2006"]
[Date "2005.11.19"]
[Round "2"]
[White "Ruck, Robert"]
[Black "Schlosser, Philipp"]
[Result "1/2-1/2"]
[WhiteElo "2540"]
[BlackElo "2560"]
[PlyCount "47"]
[EventDate "2005.10.??"]
[EventType "team"]
[EventRounds "11"]
[EventCountry "AUT"]
[WhiteTeam "Styria Graz - Kl.Zeitung"]
[BlackTeam "Sparkasse Jenbach"]
[WhiteTeamCountry "AUT"]
[BlackTeamCountry "AUT"]

1. Nf3 Nf6 2. c4 e6 3. Nc3 d5 4. d4 c6 5. Bg5 h6 6. Bxf6 Qxf6 7. e3 Nd7 8. Bd3
dxc4 9. Bxc4 g6 10. O-O Bg7 11. Qc2 O-O 12. Ne4 Qe7 13. Bb3 e5 14. Ng3 Kh8 15.
Rad1 f5 16. dxe5 Nxe5 17. Nxe5 Qxe5 18. Rd2 Be6 19. Rfd1 Rae8 20. h3 Bc8 21.
Ne2 g5 22. Nd4 f4 23. exf4 Qxf4 24. Qg6 1/2-1/2

[Event "AUT_chT"]
[Site "2005/2006"]
[Date "2005.11.19"]
[Round "2"]
[White "Stohl, Igor"]
[Black "Lehner, Oliver"]
[Result "1/2-1/2"]
[WhiteElo "2538"]
[BlackElo "2408"]
[PlyCount "35"]
[EventDate "2005.10.??"]
[EventType "team"]
[EventRounds "11"]
[EventCountry "AUT"]
[WhiteTeam "Styria Graz - Kl.Zeitung"]
[BlackTeam "Sparkasse Jenbach"]
[WhiteTeamCountry "AUT"]
[BlackTeamCountry "AUT"]

1. d4 g6 2. Nf3 Bg7 3. c4 d6 4. Nc3 Nf6 5. g3 O-O 6. Bg2 Nc6 7. O-O a6 8. h3
Re8 9. Be3 Bd7 10. Qd2 e5 11. dxe5 dxe5 12. Rfd1 Qc8 13. Kh2 Be6 14. b3 Rd8 15.
Qe1 h6 16. Rxd8+ Qxd8 17. Rd1 Qf8 18. Nd5 1/2-1/2

[Event "AUT_chT"]
[Site "2005/2006"]
[Date "2005.11.19"]
[Round "2"]
[White "Hoellrigl, Wilfried"]
[Black "Balinov, Ilija"]
[Result "1/2-1/2"]
[WhiteElo "2269"]
[BlackElo "2455"]
[PlyCount "160"]
[EventDate "2005.10.??"]
[EventType "team"]
[EventRounds "11"]
[EventCountry "AUT"]
[WhiteTeam "Sparkasse Jenbach"]
[BlackTeam "Styria Graz - Kl.Zeitung"]
[WhiteTeamCountry "AUT"]
[BlackTeamCountry "AUT"]

1. e4 c5 2. Nf3 b6 3. c3 Bb7 4. Bd3 Nf6 5. Qe2 g6 6. O-O Bg7 7. e5 Nd5 8. Be4
Qc7 9. d4 f5 10. exf6 Nxf6 11. Bxb7 Qxb7 12. dxc5 bxc5 13. Re1 O-O 14. Qxe7 Na6
15. Qd6 Rae8 16. Rxe8 Rxe8 17. Na3 Ne4 18. Qd3 d5 19. Qb5 Rb8 20. Qxb7 Rxb7 21.
Rb1 d4 22. cxd4 cxd4 23. Bf4 Nb4 24. Re1 Nxf2 25. Nc4 Bf8 26. Re8 Kf7 27. Ra8
Ne4 28. Nfe5+ Kg7 29. a3 Nd5 30. Bh6+ Kxh6 31. Rxf8 Kg7 32. Rd8 Nf4 33. g3 Ne6
34. Ra8 g5 35. Kg2 h5 36. Kf3 Nf6 37. b4 Rc7 38. h3 g4+ 39. hxg4 hxg4+ 40. Ke2
Ne4 41. Kd3 Nf2+ 42. Ke2 Ne4 43. Kd3 Nxg3 44. Nxg4 Nf4+ 45. Kxd4 Nge2+ 46. Ke5
Rxc4 47. Rxa7+ Kg6 48. Ne3 Rc8 49. Nd5 Nxd5 50. Kxd5 Nc3+ 51. Ke6 Rc4 52. Kd7
Kf6 53. Rc7 Rd4+ 54. Kc6 Ke6 55. Kb7 Nb5 56. Rc6+ Kd7 57. Ra6 Rc4 58. Kb6 Nc7
59. Ra5 Ne6 60. Rd5+ Kc8 61. Rd6 Re4 62. b5 Nf8 63. Rc6+ Kb8 64. Rd6 Kc8 65.
Rc6+ Kd8 66. Rc1 Ra4 67. Rc3 Nd7+ 68. Kb7 Rd4 69. b6 Ra4 70. Rc8+ Ke7 71. Rc3
Nf6 72. Rd3 Nd7 73. Rc3 Kd8 74. Rc8+ Ke7 75. Rc3 Kd6 76. Rd3+ Ke6 77. Rc3 Kd6
78. Rc6+ Kd5 79. Kc7 Nxb6 80. Rxb6 Rxa3 1/2-1/2

[Event "AUT_chT"]
[Site "2005/2006"]
[Date "2005.11.19"]
[Round "2"]
[White "Pilaj, Herwig"]
[Black "Kindermann, Stefan"]
[Result "1/2-1/2"]
[WhiteElo "2403"]
[BlackElo "2535"]
[PlyCount "58"]
[EventDate "2005.10.??"]
[EventType "team"]
[EventRounds "11"]
[EventCountry "AUT"]
[WhiteTeam "Die Klagenfurter"]
[BlackTeam "Holz Dohr - Semriach"]
[WhiteTeamCountry "AUT"]
[BlackTeamCountry "AUT"]

1. d4 d5 2. c4 c6 3. e3 Nf6 4. Nc3 a6 5. Nf3 e6 6. a3 Nbd7 7. c5 g6 8. b4 Bg7
9. Bb2 Qe7 10. Qb3 e5 11. Be2 exd4 12. Nxd4 O-O 13. O-O Re8 14. Rfe1 h5 15. h3
Ne4 16. Nf3 Ng5 17. Na4 Nxf3+ 18. Bxf3 Bxb2 19. Qxb2 Qg5 20. Be2 Nf6 21. f4 Qh4
22. Bf3 Bf5 23. Qf2 Qxf2+ 24. Kxf2 Re7 25. Nc3 Rae8 26. Rad1 Be4 27. Rd4 Bxf3
28. gxf3 Nd7 29. e4 Nf6 1/2-1/2

[Event "AUT_chT"]
[Site "2005/2006"]
[Date "2005.11.19"]
[Round "2"]
[White "Kosten, Anthony C"]
[Black "Horvath, Jozsef"]
[Result "1-0"]
[WhiteElo "2501"]
[BlackElo "2525"]
[PlyCount "92"]
[EventDate "2005.10.??"]
[EventType "team"]
[EventRounds "11"]
[EventCountry "AUT"]
[WhiteTeam "Holz Dohr - Semriach"]
[BlackTeam "Die Klagenfurter"]
[WhiteTeamCountry "AUT"]
[BlackTeamCountry "AUT"]

1. c4 Nf6 2. Nc3 e6 3. e4 d5 4. e5 d4 5. exf6 dxc3 6. bxc3 Qxf6 7. Nf3 e5 8. d4
exd4 9. Bg5 Qe6+ 10. Be2 Be7 11. cxd4 Bxg5 12. Nxg5 Qe7 13. Qd2 Nc6 14. O-O
Nxd4 15. Bh5 O-O 16. Bxf7+ Kh8 17. Rae1 Qf6 18. Bd5 c5 19. f4 Bf5 20. Bxb7 Rab8
21. Be4 h6 22. Bxf5 Nxf5 23. Ne6 Rb2 24. Qd5 Rfb8 25. Qe5 Nh4 26. Rf2 Rb1 27.
Rxb1 Rxb1+ 28. Rf1 Qxe5 29. fxe5 Rxf1+ 30. Kxf1 Ng6 31. Nxc5 Nxe5 32. Ke2 Kg8
33. Ke3 Nxc4+ 34. Kd4 Nb6 35. Ke5 Kf7 36. Kd6 Nc4+ 37. Kc6 Ne3 38. g3 Nf1 39.
Kb7 Nxh2 40. Kxa7 Nf1 41. a4 Nxg3 42. a5 h5 43. a6 Nf5 44. Ne4 Ke6 45. Kb8 Ke5
46. Nc3 Kd4 1-0

[Event "AUT_chT"]
[Site "2005/2006"]
[Date "2005.11.19"]
[Round "2"]
[White "Karner, Christoph"]
[Black "Petschar, Kurt"]
[Result "1/2-1/2"]
[WhiteElo "2338"]
[BlackElo "2276"]
[PlyCount "62"]
[EventDate "2005.10.??"]
[EventType "team"]
[EventRounds "11"]
[EventCountry "AUT"]
[WhiteTeam "Holz Dohr - Semriach"]
[BlackTeam "Die Klagenfurter"]
[WhiteTeamCountry "AUT"]
[BlackTeamCountry "AUT"]

1. d4 d5 2. c4 c6 3. Nf3 Nf6 4. Nc3 dxc4 5. a4 Bf5 6. e3 e6 7. a5 Bd3 8. Bxd3
cxd3 9. Qb3 Qc8 10. e4 Na6 11. O-O Bb4 12. e5 Nd5 13. Ne4 O-O 14. Qxd3 f5 15.
exf6 gxf6 16. Bd2 Bxd2 17. Qxd2 Qc7 18. Rfe1 Rfe8 19. Ra3 Rad8 20. Nh4 Kh8 21.
Rf3 Rf8 22. Ng3 Qf7 23. Qh6 Nac7 24. Nh5 f5 25. Nf4 Nxf4 26. Qxf4 Rg8 27. Rb3
Nb5 28. Qe5+ Rg7 29. Nf3 Rd5 30. Qe3 Qf6 31. g3 Rd6 1/2-1/2

[Event "AUT_chT"]
[Site "2005/2006"]
[Date "2005.11.19"]
[Round "2"]
[White "Fogarasi, Tibor"]
[Black "Zelcic, Robert"]
[Result "0-1"]
[WhiteElo "2481"]
[BlackElo "2514"]
[PlyCount "72"]
[EventDate "2005.10.??"]
[EventType "team"]
[EventRounds "11"]
[EventCountry "AUT"]
[WhiteTeam "Admiral Fuerstenfeld"]
[BlackTeam "Sparkasse Schwarzach"]
[WhiteTeamCountry "AUT"]
[BlackTeamCountry "AUT"]

1. e4 c6 2. d4 d5 3. Nc3 dxe4 4. Nxe4 Bf5 5. Ng3 Bg6 6. N1e2 e6 7. Nf4 Bd6 8.
Nxg6 hxg6 9. Ne4 Nf6 10. Nxd6+ Qxd6 11. h3 Nbd7 12. c3 O-O-O 13. Be3 Nd5 14.
Qf3 Nxe3 15. Qxe3 Qd5 16. Be2 e5 17. dxe5 Qxe5 18. Qxe5 Nxe5 19. Rd1 g5 20. O-O
Kc7 21. Rfe1 f6 22. Kf1 a5 23. Rd4 c5 24. Rxd8 Rxd8 25. Rd1 Rxd1+ 26. Bxd1 Nd3
27. b3 Nc1 28. a3 Na2 29. c4 Nc3 30. Ke1 Kd6 31. Kd2 Nxd1 32. Kxd1 a4 33. Kc2
Ke5 34. bxa4 Kd4 35. Kb3 f5 36. a5 g4 0-1

[Event "AUT_chT"]
[Site "2005/2006"]
[Date "2005.11.19"]
[Round "2"]
[White "Lendwai, Reinhard"]
[Black "Baumegger, Siegfried"]
[Result "1/2-1/2"]
[WhiteElo "2427"]
[BlackElo "2413"]
[PlyCount "104"]
[EventDate "2005.10.??"]
[EventType "team"]
[EventRounds "11"]
[EventCountry "AUT"]
[WhiteTeam "Sparkasse Schwarzach"]
[BlackTeam "Admiral Fuerstenfeld"]
[WhiteTeamCountry "AUT"]
[BlackTeamCountry "AUT"]

1. e4 e5 2. Bc4 Nf6 3. d3 Nc6 4. Nf3 Be7 5. O-O O-O 6. Re1 d6 7. a4 Be6 8. Nbd2
Qd7 9. c3 Rae8 10. a5 a6 11. Bb3 Bxb3 12. Qxb3 Qc8 13. Nf1 Nd7 14. Qc4 Bd8 15.
Ng3 Ne7 16. b4 c6 17. Qb3 Kh8 18. Bd2 Bc7 19. Re2 h6 20. Rae1 f5 21. Nxf5 Nxf5
22. exf5 Rxf5 23. Qc4 Ref8 24. Nh4 R5f6 25. Qg4 g5 26. Nf3 d5 27. c4 Rf5 28.
Qh3 Kg7 29. cxd5 cxd5 30. Rc1 Qd8 31. Bc3 d4 32. Bb2 Bd6 33. Nd2 Rf4 34. Ne4
Nf6 35. Ng3 Kg6 36. Qe6 Re8 37. Qc4 h5 38. Rce1 Qd7 39. Ne4 Nxe4 40. Rxe4 Rxe4
41. Rxe4 Qa4 42. h4 Qxb4 43. Qc1 gxh4 44. Bxd4 Qb5 45. Qe1 Qxd3 46. Bb2 Qc2 47.
Bxe5 Bxe5 48. Rxe5 Rxe5 49. Qxe5 Qb1+ 50. Kh2 Qb5 51. Qe6+ Kg7 52. f4 Qxa5
1/2-1/2

[Event "AUT_chT"]
[Site "2005/2006"]
[Date "2005.11.19"]
[Round "2"]
[White "Ljubic, Juro"]
[Black "Wach, Markus"]
[Result "1/2-1/2"]
[WhiteElo "2202"]
[BlackElo "2376"]
[PlyCount "25"]
[EventDate "2005.10.??"]
[EventType "team"]
[EventRounds "11"]
[EventCountry "AUT"]
[WhiteTeam "Sparkasse Schwarzach"]
[BlackTeam "Admiral Fuerstenfeld"]
[WhiteTeamCountry "AUT"]
[BlackTeamCountry "AUT"]

1. e4 c5 2. Nf3 e6 3. d4 cxd4 4. Nxd4 a6 5. Bd3 Nc6 6. Nxc6 dxc6 7. O-O e5 8.
Be3 Nf6 9. f3 Be6 10. Qe2 Nd7 11. Qf2 Be7 12. Nd2 Bg5 13. Bc4 1/2-1/2

[Event "AUT_chT"]
[Site "2005/2006"]
[Date "2005.11.19"]
[Round "2"]
[White "Gustafsson, Jan"]
[Black "Pavasovic, Dusko"]
[Result "1/2-1/2"]
[WhiteElo "2614"]
[BlackElo "2535"]
[PlyCount "49"]
[EventDate "2005.10.??"]
[EventType "team"]
[EventRounds "11"]
[EventCountry "AUT"]
[WhiteTeam "Hohenems"]
[BlackTeam "Maria Saal"]
[WhiteTeamCountry "AUT"]
[BlackTeamCountry "AUT"]

1. c4 e6 2. g3 d5 3. Bg2 Nf6 4. Nf3 dxc4 5. Qa4+ c6 6. Qxc4 b5 7. Qb3 Bb7 8.
O-O Nbd7 9. d4 a6 10. Ne5 Nxe5 11. dxe5 Nd7 12. Nc3 Qc7 13. Rd1 Be7 14. Ne4 O-O
15. Bf4 Nc5 16. Qc2 Nxe4 17. Bxe4 h6 18. Be3 c5 19. Bxb7 Qxb7 20. Bxc5 Rfc8 21.
b4 a5 22. a3 axb4 23. axb4 Rxa1 24. Rxa1 Qd5 25. Rc1 1/2-1/2

[Event "AUT_chT"]
[Site "2005/2006"]
[Date "2005.11.19"]
[Round "2"]
[White "Atlas, Valeri"]
[Black "Bunzmann, Dimitrij"]
[Result "1-0"]
[WhiteElo "2480"]
[BlackElo "2537"]
[PlyCount "95"]
[EventDate "2005.10.??"]
[EventType "team"]
[EventRounds "11"]
[EventCountry "AUT"]
[WhiteTeam "Hohenems"]
[BlackTeam "Maria Saal"]
[WhiteTeamCountry "AUT"]
[BlackTeamCountry "AUT"]

1. e4 e6 2. d4 d5 3. Nc3 Bb4 4. e5 c5 5. a3 Bxc3+ 6. bxc3 Ne7 7. Qg4 Qc7 8. Bd3
c4 9. Be2 Nf5 10. Nf3 Nc6 11. Nh4 Qa5 12. Bd2 Nxh4 13. Qxh4 O-O 14. O-O Bd7 15.
Rfe1 f6 16. exf6 Rxf6 17. Bg5 Rf7 18. Qg3 Raf8 19. Bh5 g6 20. Bh6 Ne7 21. Bxf8
Nf5 22. Qg5 Kxf8 23. Bg4 Qxc3 24. Bxf5 Rxf5 25. Qd8+ Be8 26. g4 Rf7 27. Rxe6
Qxa1+ 28. Kg2 Rxf2+ 29. Kxf2 Qxd4+ 30. Re3 Qd2+ 31. Kf3 Qd1+ 32. Re2 Qf1+ 33.
Rf2 Qe1 34. Kg3+ Kg8 35. Qxd5+ Kh8 36. Qd4+ Kg8 37. Qxc4+ Kh8 38. Qd4+ Kg8 39.
Qd5+ Kh8 40. Qxb7 Qe5+ 41. Kh3 Qc5 42. Qf3 Kg8 43. Rd2 Kg7 44. Rd8 Bb5 45. c4
h5 46. cxb5 hxg4+ 47. Qxg4 Qe3+ 48. Kg2 1-0

[Event "AUT_chT"]
[Site "2005/2006"]
[Date "2005.11.19"]
[Round "2"]
[White "Ragger, Markus"]
[Black "Braun, Arik"]
[Result "1-0"]
[WhiteElo "2451"]
[BlackElo "2491"]
[PlyCount "41"]
[EventDate "2005.10.??"]
[EventType "team"]
[EventRounds "11"]
[EventCountry "AUT"]
[WhiteTeam "Maria Saal"]
[BlackTeam "Hohenems"]
[WhiteTeamCountry "AUT"]
[BlackTeamCountry "AUT"]

1. e4 c5 2. Nf3 a6 3. c3 d5 4. exd5 Qxd5 5. d4 Bg4 6. Nbd2 cxd4 7. cxd4 e6 8.
Bc4 Bxf3 9. Qb3 Bd1 10. Kxd1 Qd7 11. d5 e5 12. Re1 Bd6 13. f4 f6 14. fxe5 fxe5
15. Ne4 b5 16. Qg3 bxc4 17. Nxd6+ Qxd6 18. Rxe5+ Ne7 19. Bg5 O-O 20. Bxe7 Qb6
21. Bxf8 1-0

[Event "AUT_chT"]
[Site "2005/2006"]
[Date "2005.11.19"]
[Round "2"]
[White "Amann, Guenter"]
[Black "Hoelzl, Franz"]
[Result "1-0"]
[WhiteElo "2316"]
[BlackElo "2364"]
[PlyCount "73"]
[EventDate "2005.10.??"]
[EventType "team"]
[EventRounds "11"]
[EventCountry "AUT"]
[WhiteTeam "Hohenems"]
[BlackTeam "Maria Saal"]
[WhiteTeamCountry "AUT"]
[BlackTeamCountry "AUT"]

1. d4 e6 2. c4 d5 3. Nf3 c6 4. Qc2 Nf6 5. g3 dxc4 6. Qxc4 b5 7. Qb3 Nbd7 8. Bg2
Bb7 9. O-O Qb6 10. Nc3 b4 11. Na4 Qb5 12. Bg5 c5 13. dxc5 Nxc5 14. Nxc5 Bxc5
15. Be3 Bxe3 16. Qxe3 O-O 17. Rfc1 Bd5 18. Nd4 Qb6 19. Bxd5 Nxd5 20. Qe5 Rac8
21. e4 Nf6 22. Nf3 h6 23. Qf4 Qa6 24. Qd2 Nxe4 25. Qd4 Qb7 26. a3 a5 27. axb4
axb4 28. Rxc8 Rxc8 29. Ra7 Ng5 30. Ne1 Qf3 31. Rc7 Ra8 32. Ra7 Nh3+ 33. Kf1
Qh1+ 34. Ke2 Rxa7 35. Qxa7 Qxh2 36. Nf3 Qg2 37. Qa8+ 1-0

[Event "AUT_chT"]
[Site "2005/2006"]
[Date "2005.11.19"]
[Round "2"]
[White "Kaspret, Guido"]
[Black "Grabher, Heinz"]
[Result "1/2-1/2"]
[WhiteElo "2295"]
[BlackElo "2279"]
[PlyCount "81"]
[EventDate "2005.10.??"]
[EventType "team"]
[EventRounds "11"]
[EventCountry "AUT"]
[WhiteTeam "Maria Saal"]
[BlackTeam "Hohenems"]
[WhiteTeamCountry "AUT"]
[BlackTeamCountry "AUT"]

1. c4 e5 2. Nc3 Nf6 3. g3 Bb4 4. Bg2 O-O 5. Nf3 Re8 6. O-O c6 7. d4 e4 8. Ne1
Bxc3 9. bxc3 d5 10. cxd5 cxd5 11. Bg5 Nbd7 12. Nc2 Qc7 13. Qd2 b6 14. Bf4 Qc6
15. f3 Ba6 16. Nb4 Qb5 17. Nxa6 Qxa6 18. Rfc1 Rac8 19. g4 h6 20. h4 b5 21. g5
hxg5 22. hxg5 exf3 23. exf3 Nh5 24. Bh3 Qc6 25. Bh2 Re7 26. Re1 Rce8 27. Rxe7
Rxe7 28. Re1 Rxe1+ 29. Qxe1 Nf8 30. Bg4 g6 31. Be5 Ne6 32. Bxh5 gxh5 33. f4 Qc8
34. Kh2 Qc4 35. Qd2 Qf1 36. a4 bxa4 37. Qb2 Kh7 38. Qc2+ Kg8 39. Qb2 Kh7 40.
Qc2+ Kg8 41. Qb2 1/2-1/2

[Event "AUT_chT"]
[Site "2005/2006"]
[Date "2005.11.19"]
[Round "2"]
[White "Polzin, Rainer"]
[Black "Rotstein, Arkadij"]
[Result "0-1"]
[WhiteElo "2494"]
[BlackElo "2520"]
[PlyCount "82"]
[EventDate "2005.10.??"]
[EventType "team"]
[EventRounds "11"]
[EventCountry "AUT"]
[WhiteTeam "Wulkaprodersdorf"]
[BlackTeam "Tschaturanga Neubau"]
[WhiteTeamCountry "AUT"]
[BlackTeamCountry "AUT"]

1. e4 c5 2. Nf3 e6 3. d4 cxd4 4. Nxd4 Nf6 5. Nc3 d6 6. Be2 Be7 7. O-O O-O 8.
Be3 a6 9. f4 Qc7 10. g4 d5 11. exd5 Nxd5 12. Nxd5 exd5 13. Bf3 Nc6 14. Qd2 Re8
15. c3 Bd7 16. h3 Nxd4 17. Bxd4 Bb5 18. Rf2 Bc5 19. Rd1 Rad8 20. Bxc5 Qxc5 21.
Qd4 Qc7 22. b3 Bc6 23. Rdd2 Rd6 24. Rde2 Rc8 25. Re3 Rf6 26. f5 h5 27. Bg2 hxg4
28. Qxg4 Re8 29. Rg3 g6 30. Qh4 Re1+ 31. Bf1 Kg7 32. fxg6 Qxg3+ 33. Qxg3 Rxg6
34. Qxg6+ fxg6 35. Kh2 Rc1 36. c4 d4 37. Kg3 d3 38. Bxd3 Rc3 39. Rd2 Be4 40.
Kf4 Bxd3 41. Ke5 Bf5 0-1

[Event "AUT_chT"]
[Site "2005/2006"]
[Date "2005.11.19"]
[Round "2"]
[White "Rotshtein, Efim"]
[Black "Likavsky, Tomas"]
[Result "1-0"]
[WhiteElo "2410"]
[BlackElo "2493"]
[PlyCount "55"]
[EventDate "2005.10.??"]
[EventType "team"]
[EventRounds "11"]
[EventCountry "AUT"]
[WhiteTeam "Tschaturanga Neubau"]
[BlackTeam "Wulkaprodersdorf"]
[WhiteTeamCountry "AUT"]
[BlackTeamCountry "AUT"]

1. f4 d5 2. Nf3 g6 3. e3 Bg7 4. Be2 Nd7 5. c4 Ngf6 6. Nc3 dxc4 7. Bxc4 Nb6 8.
Bb3 c5 9. O-O O-O 10. d3 Bg4 11. e4 Rc8 12. Qe2 Nfd7 13. h3 Bxf3 14. Rxf3 Nb8
15. Be3 Nc6 16. e5 Nd4 17. Bxd4 cxd4 18. Ne4 Nd5 19. h4 h5 20. f5 Rc6 21. Ng5
Bh6 22. Qe4 Bxg5 23. hxg5 Ne3 24. fxg6 Qc7 25. Rxf7 Rxf7 26. gxf7+ Kf8 27. Qh7
Rc1+ 28. Bd1 1-0

[Event "AUT_chT"]
[Site "2005/2006"]
[Date "2005.11.19"]
[Round "2"]
[White "Kalod, Radek"]
[Black "Srienz, Christian"]
[Result "1-0"]
[WhiteElo "2502"]
[BlackElo "2233"]
[PlyCount "97"]
[EventDate "2005.10.??"]
[EventType "team"]
[EventRounds "11"]
[EventCountry "AUT"]
[WhiteTeam "Wulkaprodersdorf"]
[BlackTeam "Tschaturanga Neubau"]
[WhiteTeamCountry "AUT"]
[BlackTeamCountry "AUT"]

1. e4 d5 2. exd5 Nf6 3. c4 c6 4. d4 cxd5 5. Nc3 Nc6 6. Bg5 Qa5 7. a3 dxc4 8.
Bxf6 exf6 9. Bxc4 Bd7 10. Nge2 Be7 11. O-O O-O 12. b4 Qd8 13. Rc1 f5 14. Qd3 a6
15. f4 Na7 16. Rfe1 Bd6 17. Bd5 Rb8 18. g3 g6 19. Kg2 Nb5 20. Nb1 Re8 21. Nd2
Bf8 22. Nc4 Be6 23. Bxe6 Rxe6 24. d5 Bg7 25. a4 Nc7 26. Rcd1 Re4 27. d6 Ne6 28.
a5 Qd7 29. Nb6 Qc6 30. Qf3 Bf6 31. Nd5 Bd8 32. Kf1 Kf8 33. Qc3 Qxc3 34. Nexc3
Rc4 35. Na4 b5 36. Nab6 Bxb6 37. Nxb6 Rd8 38. Nxc4 bxc4 39. Rd5 Ke8 40. Rc1 Kd7
41. Rxc4 Rb8 42. Ke1 Rb7 43. Kd2 Rb8 44. Kc3 Rb7 45. Kb3 Rb8 46. Ka4 h5 47. h4
Rb7 48. b5 axb5+ 49. Rxb5 1-0

[Event "AUT_chT"]
[Site "2005/2006"]
[Date "2005.11.19"]
[Round "2"]
[White "Wukits, Rene"]
[Black "Volkmann, Friedrich Karl"]
[Result "0-1"]
[WhiteElo "2321"]
[BlackElo "2421"]
[PlyCount "56"]
[EventDate "2005.10.??"]
[EventType "team"]
[EventRounds "11"]
[EventCountry "AUT"]
[WhiteTeam "Tschaturanga Neubau"]
[BlackTeam "Wulkaprodersdorf"]
[WhiteTeamCountry "AUT"]
[BlackTeamCountry "AUT"]

1. d4 d5 2. Nf3 Nc6 3. c4 Bg4 4. cxd5 Bxf3 5. gxf3 Qxd5 6. e3 e5 7. Nc3 Bb4 8.
Bd2 Bxc3 9. bxc3 Nf6 10. c4 Qd6 11. d5 Ne7 12. Qb3 b6 13. Bb4 c5 14. dxc6 Qxc6
15. Rg1 Nd7 16. Rxg7 Nf5 17. Rg5 Qf6 18. Rg4 h5 19. Re4 Nd6 20. Qa4 Nxe4 21.
fxe4 Rh6 22. c5 bxc5 23. Bc3 Ke7 24. Rd1 Nb6 25. Qa5 Qc6 26. Bxe5 Kf8 27. Bc4
Nxc4 28. Rd8+ Ke7 0-1

[Event "AUT_chT"]
[Site "2005/2006"]
[Date "2005.11.19"]
[Round "2"]
[White "Kleiser, Gregor"]
[Black "Schweda, Roland"]
[Result "1/2-1/2"]
[WhiteElo "2263"]
[BlackElo "2416"]
[PlyCount "84"]
[EventDate "2005.10.??"]
[EventType "team"]
[EventRounds "11"]
[EventCountry "AUT"]
[WhiteTeam "Tschaturanga Neubau"]
[BlackTeam "Wulkaprodersdorf"]
[WhiteTeamCountry "AUT"]
[BlackTeamCountry "AUT"]

1. d4 Nf6 2. Nf3 g6 3. Bf4 Bg7 4. e3 O-O 5. Be2 d6 6. h3 Nbd7 7. O-O Ne4 8.
Nbd2 Nxd2 9. Qxd2 e5 10. Bh2 e4 11. Ne1 Nf6 12. c4 g5 13. Qa5 g4 14. hxg4 Bxg4
15. Bxg4 Nxg4 16. Qf5 Nxh2 17. Kxh2 Qe7 18. Nc2 Qe6 19. Qxe6 fxe6 20. f3 exf3
21. Rxf3 e5 22. Raf1 Rxf3 23. Rxf3 Re8 24. b3 exd4 25. Nxd4 Be5+ 26. Kh3 a6 27.
a4 Bxd4 28. exd4 Re4 29. d5 a5 30. g4 Kg7 31. Kg3 Kg6 32. Kh3 Re7 33. Kh4 h6
34. Kg3 Re4 35. Kh3 Re8 36. Kh4 Re4 37. Kh3 Re5 38. Kg3 Re8 39. Kh4 Re1 40. Kg3
Re5 41. Kf4 Re7 42. Kg3 Re4 1/2-1/2